| 000 | 00451nam a22001577a 4500 | ||
|---|---|---|---|
| 008 | 230324b |||||||| |||| 00| 0 eng d | ||
| 020 | _a8126505834 | ||
| 040 |
_aNational Science Library _cNational Science Library |
||
| 080 |
_aD 681.3.06JSP _bP5 |
||
| 100 | _aChopra, Vivek | ||
| 245 | _aBeginning javaserver pages | ||
| 260 |
_aDelhi: _bWiley Publishing, Inc., _c2005 |
||
| 300 | _a1262p. | ||
| 650 | _aInformation technology | ||
| 942 |
_2udc _cBK |
||
| 999 |
_c14038 _d14038 |
||